| 000 | 00971cam a2200301 4500 | ||
|---|---|---|---|
| 001 | ABS62315 | ||
| 008 | 000000n2000 000 0 eng u | ||
| 035 | _a(Sirsi) u106265 | ||
| 100 | _aMulcahy, C. | ||
| 245 | _aLifting the veil on without prejudice negotiations | ||
| 260 | _c2000 | ||
| 490 |
_aSolicitors' Journal _v144(18) 12 May 2000, 444-445(2) |
||
| 520 | _aExamines the application of the 'without prejudice' privilege to mediation in the post-Woolf era. Case law. | ||
| 590 | _aABS | ||
| 650 | _aWITHOUT PREJUDICE | ||
| 650 | _aMEDIATION | ||
| 650 | _aCIVIL PROCEDURE RULES | ||
| 650 | _aRUSH & TOMKINS LTD V GLC | ||
| 650 | _aUNILEVER PLC V PROCTOR AND GAMBLE CO | ||
| 650 | _aRABIN V MENDOZA & CO | ||
| 650 | _aCUTTS V HEAD | ||
| 650 | _aWOOLF REPORT | ||
| 650 | _aACCESS TO JUSTICE | ||
| 650 | _aALTERNATIVE DISPUTE RESOLUTION | ||
| 650 | _aCIVIL LITIGATION IN THE 21ST CENTURY | ||
| 690 |
_aDispute resolution _96236 |
||
| 942 | _n0 | ||
| 999 |
_c63641 _d63641 |
||